000 00385nam a22001577a 4500
005 20251108172408.0
008 250721s1975 xx 000 0 eng d
082 1 4 _a301.2/GEE
100 1 _aGeertz, Clifford
245 1 4 _aThe Interpretation of cultures /
264 1 _aLondon :
_bHutchinson,
_c1975.
300 _a470 p.
650 1 7 _aCulture
942 _2ddc
_cBK
999 _c78172
_d78172